Norwich City Scored Against Ipswich Town – Sudden Death - Statistics

General Stats
  • This quiz has been taken 31 times
  • The average score is 11 of 19
Answers on the Grid
Answers color-coded by a green-red scale on the quiz's grid according to % correct below.
Graham Dorrans
Lewis Grabban
Onel Hernández
Grant Holt
Wes Hoolahan
Gary Hooper
Jonny Howson
Simeon Jackson
Cameron Jerome
Bradley Johnson
Timm Klose
Kyle Lafferty
Moritz Leitner
James Maddison
Chris Martin
Russell Martin
Kenny McLean
Jacob Murphy
Steven Naismith
Marcelino Núñez
Nélson Oliveira
Dani Pacheco
Teemu Pukki
Nathan Redmond
Jonathan Rowe
Andrew Surman
Mario Vrančić
 
Answer Stats
Answer % Correct
Grant Holt
83%
Jonathan Rowe
83%
Teemu Pukki
83%
Timm Klose
83%
Marcelino Núñez
78%
Wes Hoolahan
72%
James Maddison
67%
Nathan Redmond
61%
Onel Hernández
61%
Cameron Jerome
56%
Simeon Jackson
44%
Bradley Johnson
39%
Dani Pacheco
39%
Jacob Murphy
39%
Lewis Grabban
39%
Moritz Leitner
39%
Russell Martin
39%
Jonny Howson
33%
Andrew Surman
22%
No matching quizzes found
Score Distribution
Percent of People with Each Score
Percentile by Number Answered
Your Score History
You have not taken this quiz